000 00664cam a2200241 a 4500
001 3314231
005 20180131072234.0
008 840702s1985 enk b 001 0 eng
010 _a 84014436
020 _a0120644606 (alk. paper)
040 _aDLC
_cDLC
_dDLC
041 1 _aengfre
080 _a001.642 ARS
082 0 0 _a001.642 ARS
_219
100 1 _a28
101 _aSHK
240 1 0 _aBases de la programmation.
_lEnglish
245 1 0 _aFoundations of programming /
_cJacques Arsac ; translated by Fraser Duncan.
504 _aBibliography: p. 261-262.
906 _a7
_bcbc
_corignew
_d1
_eocip
_f19
_gy-gencatlg
942 _2ddc
_cBK
999 _c41378
_d41378